| 000 | 00425cam a2200181ua 4500 | ||
|---|---|---|---|
| 020 | _c3.90 | ||
| 041 |
_aeng _h |
||
| 082 |
_a823.301 _bMAU/FR |
||
| 100 | _aMaurier, Daphne du . | ||
| 245 |
_aFrenchman`s creek / _cDaphne du Maurier. _hTextual Documents |
||
| 250 |
_a1 / _b. |
||
| 260 |
_aLondon : _bLongman , _c1963. |
||
| 300 | _a124 ; . | ||
| 365 | _a3.90 | ||
| 504 | _a | ||
| 942 | _cBK | ||
| 999 |
_c4163 _d4163 |
||